000 00885nas a2200313 4500
001 BR0404044
003 BR-BrBNA
005 20231205104824.0
007 ta
008 230509b bl.|||p| |||| 00| 00por d
040 _aBR-BrBNA
_bpor
_cBiblioteca Nacional de Agricultura
041 _a(Pt)
072 _aL40
100 1 _aCampos, D.B.
100 1 _aSilva, F.O.C.
100 1 _aSeverino, R.S.
100 1 _aDrummond, S.S.
100 1 _aLima, E.M.M.
100 1 _aBombonato, P.P.
100 1 _aSantana, M.I.S.
245 1 _aOrigem e distribuição dos nervos isquiáticos em fetos de bovinos azebuados
650 _aGADO ZEBU
650 _aFETO
650 _aNERVO
650 _aESTATÍSTICA
773 0 _tArs Veterinária (Brazil)
_xISSN 0102-6380
_g(Dec 2003), v. 19(3) p. 219-223
_wBR0404044
909 _a202311
_bLúcia
_c55
_dLúcia Elande
942 _2AGRIS
_n0
_cANA
999 _c179833
_d179833